| 000 | 00715nam a22002177a 4500 | ||
|---|---|---|---|
| 005 | 20241205132508.0 | ||
| 008 | 241125b mx |||||||| |||| 00| 0 spa d | ||
| 050 | 0 | 4 |
_aTA151 _bV37 1984 |
| 100 | 1 | _aVarela Alonso, Leopoldo Gabriel. | |
| 245 | 1 | 0 |
_aCostos de construcción pesada y edificación _c / Leopoldo Gabriel Varela Alonso. |
| 246 | _b | ||
| 250 | _a3a ed. | ||
| 260 |
_aMéxico : _bCompuedita, _c1984. |
||
| 300 |
_a454 p. : _bil. ; _c28 cm. |
||
| 504 | _aIncluye bibliografía | ||
| 505 | 1 | _tV. 1 Modelos para el cálculo de Costos Horarios de Maquinaria y Precios Unitarios. | |
| 650 | 7 |
_2lemb _aIngeniería civil |
|
| 650 | 7 |
_aCostos _xConstrucción |
|
| 650 | 4 | _aEdificación | |
| 942 |
_2lcc _cLIB |
||
| 999 |
_c171219 _d171217 |
||